Arquitectura andina : (Registro nro. 274)

Detalles MARC
000 -Cabecera
Campo de control interno 00610nam a2200217Ia 4500
005 - Fecha y hora del registro
control field 20251205091436.0
008 - Elementos de Longitud Fija
fixed length control field 251203t2010||||xx |||||||||||||| ||spa||
020 ## - ISBN
ISBN 9786124582400
041 ## - Idioma
Codigo Idioma ESP
082 ## - DEWEY y NOTACIÓN INTERNA
Dewey 720.985
Notación Interna G31
100 ## - AUTOR
Autor denominación Gavazzi, Adine,
Títulos y otras palabras asociadas con el nombre AUT
245 #0 - TÍTULO DE MATERIAL BIBLIOGRÁFICO
Título Arquitectura andina :
Título paralelo formas e historia de los especios sagrados
250 ## - EDICIÓN
Edición Primera edición
260 ## - CIUDAD, EDITORIAL, AÑO
Ciudad Lima :
Nombre de la Editorial Apus Graph Ediciones
Año 2010
300 ## - DESCRIPCIÓN
N° Páginas 328 páginas :
Otros detalles ilustraciones ;
Dimensiones 33 cm.
650 ## - TEMAS
Temas Las Artes
653 ## - DESCRIPTORES
Lenguajes no controlado Arquitectura; Perú, historia
654 ## - PROGRAMAS
Programa Todos los programas
942 ## - ELEMENTOS DE KOHA
Tipo de documento Libro
Nombre del creador Justo Noguera
Código de catalogador Mirtha Ponce
Esquema de clasificación Dewey Decimal Classification
Existencias
Codigo completo Registro Colección Copia número Disponibilidad Tipo de préstamo Biblioteca Actual Procedencia (Biblioteca) Ubicacón Fecha Ingreso Tipo de Adquisición Date last seen Total checkouts Price effective from Tipo de Item Estado del Material Fuente de Clasificación Damaged status Withdrawn status
720.985 G31 1085153 Colección Vera Bejar 1   Restringido Víctor Andrés Belaunde Víctor Andrés Belaunde Planta baja cerrada 03/12/2025 Donación 03/12/2025   03/12/2025 Libro Bueno Dewey Decimal Classification   Withdrawn